000 00769nam a2200265Ia 4500
001 Para_4408
003 CHAP
008 220125s1943 xx 000 0 und d
010 _a202835
040 _cCHAP
090 _aPA FOLLETO 1642
245 _aStudies on nicotine fumigation in greenhouses /
_c by Henry H. Richardson [et.al.]
260 _aWashington :
_b Department of Agriculture
300 _a15 p.
440 _aEUA. Dept. of Agriculture circular; 684
_9168264
650 _aNicotina como insecticida
_981215
700 _aRichardson, Henry H.
_997273
901 _aPA FOLLETO 1642
902 _aA
905 _a0000001943 WAS 0000000000 00
910 _a1943
942 _cPARA
942 _cPARA
_d1
999 _c202835
_d202835